[Event "Ekstraliga 2019"]
[Site "Katowice"]
[Date "2019.08.28"]
[Round "1.1"]
[White "Huschenbeth, Niclas"]
[Black "Mista, Aleksander"]
[Result "1-0"]
[BlackElo "2599"]
[WhiteElo "2620"]
[WhiteTeam "KSz Silesia Raciborz"]
[BlackTeam "Wieza Pegow"]
[LiveChessVersion "1.4.8"]

1. e4 {[%clk 1:30:57]} c5 {[%clk 1:30:56]} 2. Nf3 {[%clk 1:31:23]} d6
{[%clk 1:31:23]} 3. d4 {[%clk 1:31:47]} cxd4 {[%clk 1:31:49]} 4. Nxd4
{[%clk 1:32:13]} Nf6 {[%clk 1:32:15]} 5. Nc3 {[%clk 1:32:38]} g6 {[%clk 1:32:41]}
6. Be3 {[%clk 1:33:01]} Bg7 {[%clk 1:33:07]} 7. f3 {[%clk 1:33:21]} Nc6
{[%clk 1:33:33]} 8. Qd2 {[%clk 1:33:41]} O-O {[%clk 1:33:55]} 9. Bc4
{[%clk 1:34:00]} Bd7 {[%clk 1:34:10]} 10. h4 {[%clk 1:34:12]} h5 {[%clk 1:33:26]}
11. O-O-O {[%clk 1:32:48]} Ne5 {[%clk 1:33:30]} 12. Bb3 {[%clk 1:33:05]} Rc8
{[%clk 1:33:46]} 13. Kb1 {[%clk 1:33:05]} Nc4 {[%clk 1:25:00]} 14. Bxc4
{[%clk 1:33:29]} Rxc4 {[%clk 1:25:27]} 15. g4 {[%clk 1:33:44]} hxg4
{[%clk 1:20:42]} 16. h5 {[%clk 1:33:32]} Nxh5 {[%clk 1:20:31]} 17. Rdg1
{[%clk 1:33:50]} Qc8 {[%clk 1:05:07]} 18. Nd5 {[%clk 1:33:58]} Re8
{[%clk 1:05:22]} 19. b3 {[%clk 1:34:07]} Rc5 {[%clk 0:59:50]} 20. fxg4
{[%clk 1:34:23]} Bxg4 {[%clk 0:57:39]} 21. Rh4 {[%clk 1:34:47]} e6
{[%clk 0:51:35]} 22. Rhxg4 {[%clk 1:32:00]} exd5 {[%clk 0:48:34]} 23. Nf5
{[%clk 1:32:12]} Rxe4 {[%clk 0:34:13]} 24. Rxe4 {[%clk 1:31:49]} Qxf5
{[%clk 0:32:57]} 25. Re8+ {[%clk 1:31:46]} Kh7 {[%clk 0:33:20]} 26. Bxc5
{[%clk 1:32:08]} dxc5 {[%clk 0:33:36]} 27. Rh1 {[%clk 1:01:57]} c4
{[%clk 0:30:46]} 28. Qe2 {[%clk 0:54:21]} Bf6 {[%clk 0:22:02]} 29. Rf1
{[%clk 0:28:17]} Qh3 {[%clk 0:20:57]} 30. Re3 {[%clk 0:28:03]} Qh4
{[%clk 0:19:49]} 31. Re7 {[%clk 0:26:42]} Qd4 {[%clk 0:10:45]} 32. Rxf7+
{[%clk 0:26:59]} Kh6 {[%clk 0:11:09]} 33. R7xf6 {[%clk 0:22:14]} Nxf6
{[%clk 0:11:27]} 34. Rh1+ {[%clk 0:20:22]} Kg5 {[%clk 0:10:48]} 35. Rd1
{[%clk 0:19:32]} Qe4 {[%clk 0:09:54]} 36. Qd2+ {[%clk 0:15:17]} Qf4
{[%clk 0:06:51]} 37. Rg1+ {[%clk 0:14:58]} Kf5 {[%clk 0:07:17]} 38. Qxf4+
{[%clk 0:12:42]} Kxf4 {[%clk 0:07:44]} 39. Rxg6 {[%clk 0:13:07]} Ne4
{[%clk 0:07:51]} 40. Rg7 {[%clk 0:42:08]} Nd6 {[%clk 0:36:40]} 41. Kb2
{[%clk 0:29:13]} Ke5 {[%clk 0:33:57]} 42. Re7+ {[%clk 0:18:38]} Kf6
{[%clk 0:32:44]} 43. Rh7 {[%clk 0:18:00]} Ke5 {[%clk 0:32:12]} 44. Rh5+
{[%clk 0:09:19]} Kd4 {[%clk 0:30:47]} 45. b4 {[%clk 0:08:40]} c3+
{[%clk 0:26:29]} 46. Kb3 {[%clk 0:08:30]} b5 {[%clk 0:26:55]} 47. a4
{[%clk 0:06:57]} bxa4+ {[%clk 0:26:17]} 48. Kxa4 {[%clk 0:07:20]} Ke4
{[%clk 0:19:59]} 49. Rh4+ {[%clk 0:05:11]} Ke3 {[%clk 0:19:41]} 50. Rh3+
{[%clk 0:05:11]} Kd4 {[%clk 0:19:09]} 51. Rh7 {[%clk 0:05:03]} Ke3
{[%clk 0:16:30]} 52. Rd7 {[%clk 0:03:58]} Nc8 {[%clk 0:10:46]} 53. Kb3
{[%clk 0:04:08]} d4 {[%clk 0:11:01]} 54. b5 {[%clk 0:03:26]} Ke4 {[%clk 0:08:56]}
55. Kb4 {[%clk 0:03:25]} Nb6 {[%clk 0:04:07]} 56. Re7+ {[%clk 0:03:46]} Kd5
{[%clk 0:03:57]} 57. Rxa7 {[%clk 0:04:02]} d3 {[%clk 0:03:46]} 58. cxd3
{[%clk 0:03:49]} Kd4 {[%clk 0:04:13]} 59. Kb3 {[%clk 0:03:05]} Kxd3
{[%clk 0:04:31]} 60. Rc7 {[%clk 0:02:01]} Nd5 {[%clk 0:04:39]} 61. Rc4
{[%clk 0:01:36]} 1-0

[Event "Ekstraliga 2019"]
[Site "Katowice"]
[Date "2019.08.28"]
[Round "1.3"]
[White "Markowski, Tomasz"]
[Black "Dziuba, Marcin"]
[Result "1-0"]
[BlackElo "2568"]
[WhiteElo "2537"]
[WhiteTeam "KSz Silesia Raciborz"]
[BlackTeam "Wieza Pegow"]
[LiveChessVersion "1.4.8"]

1. e4 {[%clk 1:30:57]} c5 {[%clk 1:29:30]} 2. Nf3 {[%clk 1:31:22]} Nc6
{[%clk 1:29:17]} 3. Bb5 {[%clk 1:31:31]} g6 {[%clk 1:28:57]} 4. Bxc6
{[%clk 1:31:55]} bxc6 {[%clk 1:29:22]} 5. O-O {[%clk 1:32:20]} Bg7
{[%clk 1:28:58]} 6. Re1 {[%clk 1:32:43]} Nh6 {[%clk 1:27:04]} 7. c3
{[%clk 1:32:36]} d5 {[%clk 1:20:57]} 8. d3 {[%clk 1:30:30]} O-O {[%clk 1:19:56]}
9. h3 {[%clk 1:29:57]} Ba6 {[%clk 1:03:45]} 10. Bf4 {[%clk 1:26:16]} f6
{[%clk 1:02:09]} 11. e5 {[%clk 1:23:58]} Nf7 {[%clk 0:56:40]} 12. e6
{[%clk 1:18:18]} Nd6 {[%clk 0:53:56]} 13. Na3 {[%clk 1:18:29]} Qb6
{[%clk 0:51:00]} 14. Qd2 {[%clk 1:16:50]} Rfd8 {[%clk 0:50:56]} 15. Rad1
{[%clk 1:09:26]} g5 {[%clk 0:46:16]} 16. Bh2 {[%clk 1:07:10]} c4 {[%clk 0:41:12]}
17. Bxd6 {[%clk 0:59:39]} Rxd6 {[%clk 0:41:22]} 18. dxc4 {[%clk 0:59:35]} dxc4
{[%clk 0:40:35]} 19. Qe2 {[%clk 0:59:03]} Rad8 {[%clk 0:24:34]} 20. Rxd6
{[%clk 0:57:35]} Rxd6 {[%clk 0:24:59]} 21. Nd4 {[%clk 0:57:19]} Rd8
{[%clk 0:21:59]} 22. Nxc4 {[%clk 0:43:17]} Qc5 {[%clk 0:21:06]} 23. b3
{[%clk 0:43:35]} f5 {[%clk 0:11:40]} 24. Qh5 {[%clk 0:40:17]} Bxc4
{[%clk 0:08:38]} 25. bxc4 {[%clk 0:40:18]} Bf6 {[%clk 0:07:00]} 26. h4
{[%clk 0:37:22]} Qxc4 {[%clk 0:03:43]} 27. hxg5 {[%clk 0:33:31]} Qxc3
{[%clk 0:03:33]} 28. Nf3 {[%clk 0:33:50]} Bg7 {[%clk 0:01:31]} 29. Qf7+
{[%clk 0:34:06]} Kh8 {[%clk 0:02:01]} 30. Qxe7 {[%clk 0:34:20]} Qa5
{[%clk 0:02:15]} 31. Qf7 {[%clk 0:32:07]} Rf8 {[%clk 0:01:51]} 32. Qh5
{[%clk 0:31:53]} 1-0

[Event "Ekstraliga 2019"]
[Site "Katowice"]
[Date "2019.08.28"]
[Round "1.4"]
[White "Michalik, Peter"]
[Black "Nasuta, Grzegorz"]
[Result "1-0"]
[BlackElo "2533"]
[WhiteElo "2573"]
[WhiteTeam "Wieza Pegow"]
[BlackTeam "KSz Silesia Raciborz"]
[LiveChessVersion "1.4.8"]

1. e4 {[%clk 1:30:56]} e5 {[%clk 1:30:55]} 2. Nf3 {[%clk 1:31:20]} Nc6
{[%clk 1:31:20]} 3. Bb5 {[%clk 1:31:44]} a6 {[%clk 1:31:44]} 4. Ba4
{[%clk 1:32:08]} Nf6 {[%clk 1:32:08]} 5. O-O {[%clk 1:32:32]} Be7
{[%clk 1:32:00]} 6. Re1 {[%clk 1:32:48]} b5 {[%clk 1:32:18]} 7. Bb3
{[%clk 1:33:11]} d6 {[%clk 1:32:42]} 8. c3 {[%clk 1:33:29]} O-O {[%clk 1:33:04]}
9. h3 {[%clk 1:33:30]} Nb8 {[%clk 1:32:19]} 10. d4 Nbd7 {[%clk 1:32:42]} 11. Nbd2
{[%clk 1:32:43]} Bb7 {[%clk 1:32:57]} 12. Bc2 {[%clk 1:32:56]} c5
{[%clk 1:33:17]} 13. d5 {[%clk 1:30:06]} c4 {[%clk 1:32:04]} 14. Nf1
{[%clk 1:29:31]} Qc7 {[%clk 1:32:15]} 15. Ng3 {[%clk 1:23:58]} g6
{[%clk 1:31:51]} 16. Bh6 {[%clk 1:18:40]} Rfb8 {[%clk 1:32:11]} 17. Nh2
{[%clk 1:14:44]} a5 {[%clk 1:28:25]} 18. Rf1 {[%clk 1:14:17]} Ba6
{[%clk 1:15:25]} 19. f4 {[%clk 1:01:30]} exf4 {[%clk 1:11:22]} 20. Rxf4
{[%clk 1:00:20]} Ne5 {[%clk 0:58:55]} 21. Qd2 {[%clk 0:50:37]} Nfd7
{[%clk 0:55:47]} 22. Raf1 {[%clk 0:47:38]} Qd8 {[%clk 0:36:15]} 23. Ne2
{[%clk 0:42:33]} Bg5 {[%clk 0:32:38]} 24. Bxg5 {[%clk 0:42:56]} Qxg5
{[%clk 0:33:04]} 25. Nd4 {[%clk 0:40:13]} Ra7 {[%clk 0:08:40]} 26. Ng4
{[%clk 0:24:07]} Nxg4 {[%clk 0:07:05]} 27. Nc6 {[%clk 0:24:32]} Rab7
{[%clk 0:03:01]} 28. Nxb8 {[%clk 0:22:55]} Rxb8 {[%clk 0:03:26]} 29. hxg4
{[%clk 0:23:16]} Ne5 {[%clk 0:03:53]} 30. Qf2 {[%clk 0:19:03]} Rb7
{[%clk 0:03:58]} 31. Qg3 {[%clk 0:19:18]} b4 {[%clk 0:03:45]} 32. Bd1
{[%clk 0:18:25]} Kg7 {[%clk 0:02:54]} 33. Rf6 {[%clk 0:18:22]} bxc3
{[%clk 0:02:50]} 34. Qxc3 {[%clk 0:17:40]} Rd7 {[%clk 0:01:30]} 35. Ba4
{[%clk 0:18:02]} Re7 {[%clk 0:01:54]} 36. Rxd6 {[%clk 0:18:15]} Bc8
{[%clk 0:02:21]} 37. Rdf6 {[%clk 0:18:20]} 1-0

[Event "Ekstraliga 2019"]
[Site "Katowice"]
[Date "2019.08.28"]
[Round "1.5"]
[White "Jakubowski, Krzysztof"]
[Black "Plat, Vojtech"]
[Result "1/2-1/2"]
[BlackElo "2561"]
[WhiteElo "2518"]
[WhiteTeam "KSz Silesia Raciborz"]
[BlackTeam "Wieza Pegow"]
[LiveChessVersion "1.4.8"]

1. e4 e5 {[%clk 1:30:44]} 2. Nf3 {[%clk 1:31:02]} Nc6 {[%clk 1:31:10]} 3. Bc4
{[%clk 1:31:09]} Be7 {[%clk 1:31:33]} 4. d4 {[%clk 1:30:59]} exd4
{[%clk 1:31:58]} 5. Nxd4 {[%clk 1:29:59]} d6 {[%clk 1:23:56]} 6. Nc3
{[%clk 1:25:28]} Nf6 {[%clk 1:24:19]} 7. O-O {[%clk 1:25:11]} O-O
{[%clk 1:22:13]} 8. Re1 {[%clk 1:24:09]} Ne5 {[%clk 1:19:34]} 9. Bf1
{[%clk 1:19:09]} c5 {[%clk 1:07:28]} 10. Nf5 {[%clk 1:12:34]} Bxf5
{[%clk 1:07:19]} 11. exf5 {[%clk 1:12:58]} Nc6 {[%clk 0:59:20]} 12. g4
{[%clk 1:06:33]} Nd7 {[%clk 0:54:27]} 13. Bg2 {[%clk 0:56:57]} Nb6
{[%clk 0:54:17]} 14. a4 {[%clk 0:55:05]} a5 {[%clk 0:52:53]} 15. Nd5
{[%clk 0:46:16]} Nxd5 {[%clk 0:52:52]} 16. Bxd5 {[%clk 0:46:29]} Bh4
{[%clk 0:49:47]} 17. Ra3 {[%clk 0:43:48]} Qf6 {[%clk 0:45:58]} 18. Re4
{[%clk 0:35:23]} Rae8 {[%clk 0:35:42]} 19. Rae3 {[%clk 0:34:51]} Rxe4
{[%clk 0:35:14]} 20. Rxe4 {[%clk 0:35:08]} Qd8 {[%clk 0:34:13]} 21. Bf4
{[%clk 0:30:07]} Ne5 {[%clk 0:32:09]} 22. h3 {[%clk 0:22:25]} h6 {[%clk 0:21:04]}
23. b3 {[%clk 0:21:50]} b6 {[%clk 0:20:18]} 24. Bxe5 {[%clk 0:19:14]} dxe5
{[%clk 0:20:43]} 25. Rxe5 {[%clk 0:18:26]} Re8 {[%clk 0:16:42]} 26. Rxe8+
{[%clk 0:18:27]} Qxe8 {[%clk 0:17:10]} 27. Kg2 {[%clk 0:16:22]} Qe5
{[%clk 0:17:28]} 28. Bc4 {[%clk 0:16:03]} Qe4+ {[%clk 0:17:01]} 29. Qf3
{[%clk 0:16:15]} Qxc2 {[%clk 0:10:11]} 30. Qe3 {[%clk 0:16:13]} Qb2
{[%clk 0:08:20]} 31. Qe8+ {[%clk 0:13:47]} Kh7 {[%clk 0:08:09]} 32. Qe3
{[%clk 0:14:12]} Kg8 {[%clk 0:08:09]} 1/2-1/2

[Event "Ekstraliga 2019"]
[Site "Katowice"]
[Date "2019.08.28"]
[Round "1.6"]
[White "Majdan, Joanna"]
[Black "Buksa, Nataliya"]
[Result "0-1"]
[BlackElo "2406"]
[WhiteElo "2368"]
[WhiteTeam "Wieza Pegow"]
[BlackTeam "KSz Silesia Raciborz"]
[LiveChessVersion "1.4.8"]

1. e4 {[%clk 1:30:57]} c5 {[%clk 1:30:53]} 2. Nf3 {[%clk 1:31:20]} Nc6
{[%clk 1:31:20]} 3. Bb5 {[%clk 1:31:43]} g6 {[%clk 1:31:18]} 4. Bxc6
{[%clk 1:31:52]} dxc6 {[%clk 1:30:37]} 5. d3 {[%clk 1:32:11]} Bg7
{[%clk 1:31:02]} 6. h3 {[%clk 1:32:05]} b6 {[%clk 1:29:30]} 7. O-O
{[%clk 1:30:02]} Nf6 {[%clk 1:29:08]} 8. Nc3 {[%clk 1:30:05]} Nd7
{[%clk 1:29:34]} 9. a3 {[%clk 1:25:59]} Nf8 {[%clk 1:20:21]} 10. Be3
{[%clk 1:18:26]} a5 {[%clk 1:03:15]} 11. Qd2 {[%clk 1:14:34]} e5 {[%clk 1:02:06]}
12. Bh6 {[%clk 1:00:39]} Bf6 {[%clk 1:02:31]} 13. Nh2 {[%clk 0:59:17]} Ne6
{[%clk 1:00:02]} 14. Nd1 {[%clk 0:53:59]} g5 {[%clk 0:56:45]} 15. Ne3
{[%clk 0:53:04]} Rg8 {[%clk 0:53:26]} 16. b4 {[%clk 0:45:53]} cxb4
{[%clk 0:38:33]} 17. axb4 {[%clk 0:46:18]} a4 {[%clk 0:39:02]} 18. b5
{[%clk 0:42:33]} cxb5 {[%clk 0:35:18]} 19. Qb4 {[%clk 0:40:41]} Nd4
{[%clk 0:34:21]} 20. Nhg4 {[%clk 0:26:47]} Be7 {[%clk 0:31:59]} 21. Qb1
{[%clk 0:27:03]} Bxg4 {[%clk 0:30:09]} 22. Nxg4 {[%clk 0:25:50]} Qc7
{[%clk 0:30:23]} 23. Rc1 {[%clk 0:20:50]} b4 {[%clk 0:27:12]} 24. Kf1
{[%clk 0:20:11]} b5 {[%clk 0:25:12]} 25. Qa2 {[%clk 0:16:33]} Rg6
{[%clk 0:24:10]} 26. h4 {[%clk 0:13:07]} gxh4 {[%clk 0:24:00]} 27. f3
{[%clk 0:13:34]} Rc8 {[%clk 0:21:45]} 28. Be3 {[%clk 0:11:11]} h5
{[%clk 0:17:17]} 29. Nh6 {[%clk 0:10:54]} Bg5 {[%clk 0:17:43]} 30. Bxg5
{[%clk 0:09:41]} Rxg5 {[%clk 0:18:10]} 31. c3 {[%clk 0:08:43]} Nb3
{[%clk 0:16:38]} 0-1

[Event "Ekstraliga 2019"]
[Site "Katowice"]
[Date "2019.08.28"]
[Round "1.7"]
[White "Kempinski, Robert"]
[Black "Wojtaszek, Radoslaw"]
[Result "0-1"]
[BlackElo "2739"]
[WhiteElo "2579"]
[WhiteTeam "KSz Miedz Legnica"]
[BlackTeam "Wasko HETMAN GKS Katowice"]
[LiveChessVersion "1.4.8"]

1. d4 {[%clk 1:30:56]} Nf6 {[%clk 1:30:56]} 2. c4 {[%clk 1:31:17]} e6
{[%clk 1:31:23]} 3. Nf3 {[%clk 1:31:35]} d5 {[%clk 1:31:47]} 4. Nc3
{[%clk 1:31:16]} dxc4 {[%clk 1:32:12]} 5. e4 {[%clk 1:30:45]} Bb4
{[%clk 1:32:36]} 6. Bg5 {[%clk 1:30:23]} h6 {[%clk 1:32:59]} 7. Bxf6
{[%clk 1:28:57]} Qxf6 {[%clk 1:33:25]} 8. Bxc4 {[%clk 1:27:31]} c5
{[%clk 1:33:48]} 9. e5 {[%clk 1:21:01]} Qd8 {[%clk 1:34:06]} 10. O-O
{[%clk 1:09:06]} cxd4 {[%clk 1:32:33]} 11. Ne2 {[%clk 1:07:42]} O-O
{[%clk 1:27:08]} 12. Nexd4 {[%clk 1:07:26]} Qb6 {[%clk 1:05:25]} 13. Qe2
{[%clk 1:03:49]} Rd8 {[%clk 1:03:59]} 14. Rad1 {[%clk 0:52:06]} Nd7
{[%clk 1:01:15]} 15. a3 {[%clk 0:40:56]} Be7 {[%clk 1:01:24]} 16. Rd2
{[%clk 0:41:03]} Nf8 {[%clk 0:59:40]} 17. Rfd1 {[%clk 0:37:22]} Bd7
{[%clk 0:58:08]} 18. Bb5 {[%clk 0:34:38]} Rac8 {[%clk 0:52:05]} 19. g3
{[%clk 0:32:48]} Bxb5 {[%clk 0:49:58]} 20. Qxb5 {[%clk 0:30:28]} Qc7
{[%clk 0:43:47]} 21. Qe2 {[%clk 0:30:42]} a6 {[%clk 0:43:53]} 22. h4
{[%clk 0:30:55]} Rd7 {[%clk 0:37:27]} 23. Qe4 {[%clk 0:30:06]} Rcd8
{[%clk 0:36:40]} 24. Ne2 {[%clk 0:27:37]} Rxd2 {[%clk 0:36:13]} 25. Rxd2
{[%clk 0:27:58]} Rxd2 {[%clk 0:34:30]} 26. Nxd2 {[%clk 0:28:21]} Nd7
{[%clk 0:34:56]} 27. Nf3 {[%clk 0:28:17]} Nb6 {[%clk 0:33:15]} 28. Nf4
{[%clk 0:26:39]} Nc4 {[%clk 0:33:37]} 29. Nd3 {[%clk 0:26:27]} Nxb2
{[%clk 0:32:11]} 30. Nxb2 {[%clk 0:13:02]} Qc1+ {[%clk 0:32:36]} 31. Kg2
{[%clk 0:13:13]} Qxb2 {[%clk 0:33:00]} 32. Qc4 {[%clk 0:13:36]} Bxa3
{[%clk 0:32:11]} 33. Nd4 {[%clk 0:13:57]} Qb6 {[%clk 0:30:23]} 34. Qc8+
{[%clk 0:13:37]} Bf8 {[%clk 0:30:40]} 35. Qd7 {[%clk 0:14:00]} Qc5
{[%clk 0:29:45]} 0-1

[Event "Ekstraliga 2019"]
[Site "Katowice"]
[Date "2019.08.28"]
[Round "1.8"]
[White "Navara, David"]
[Black "Shevchenko, Kirill"]
[Result "1/2-1/2"]
[BlackElo "2556"]
[WhiteElo "2724"]
[WhiteTeam "Wasko HETMAN GKS Katowice"]
[BlackTeam "KSz Miedz Legnica"]
[LiveChessVersion "1.4.8"]

1. e4 {[%clk 1:30:58]} c5 {[%clk 1:30:54]} 2. Nf3 {[%clk 1:31:25]} d6
{[%clk 1:31:18]} 3. Bb5+ {[%clk 1:31:51]} Nd7 {[%clk 1:31:40]} 4. c3
{[%clk 1:32:17]} Ngf6 {[%clk 1:30:43]} 5. Bd3 {[%clk 1:32:40]} g6
{[%clk 1:27:09]} 6. Bc2 {[%clk 1:32:43]} Bg7 {[%clk 1:26:28]} 7. d4
{[%clk 1:32:59]} O-O {[%clk 1:22:25]} 8. O-O {[%clk 1:33:24]} e5 {[%clk 1:16:16]}
9. dxe5 {[%clk 1:30:13]} Nxe5 {[%clk 1:09:02]} 10. Nxe5 {[%clk 1:30:29]} dxe5
{[%clk 1:09:28]} 11. Qxd8 {[%clk 1:17:09]} Rxd8 {[%clk 1:09:52]} 12. Bg5
{[%clk 1:16:17]} h6 {[%clk 0:52:17]} 13. Bxf6 {[%clk 1:16:35]} Bxf6
{[%clk 0:52:41]} 14. Bb3 {[%clk 1:15:48]} b5 {[%clk 0:45:55]} 15. Bd5
{[%clk 1:13:03]} Rb8 {[%clk 0:46:11]} 16. Na3 {[%clk 1:11:33]} Bb7
{[%clk 0:36:18]} 17. Bxb7 {[%clk 1:09:36]} Rxb7 {[%clk 0:36:38]} 18. Rfd1
{[%clk 1:09:54]} Rbd7 {[%clk 0:33:39]} 19. Rxd7 {[%clk 1:09:45]} Rxd7
{[%clk 0:34:07]} 20. Kf1 {[%clk 1:05:23]} a6 {[%clk 0:31:30]} 21. Ke2
{[%clk 1:01:53]} c4 {[%clk 0:17:48]} 22. Nc2 {[%clk 0:55:26]} Bg5
{[%clk 0:17:38]} 23. Rd1 {[%clk 0:55:46]} Rxd1 {[%clk 0:17:59]} 24. Kxd1
{[%clk 0:56:08]} Be7 {[%clk 0:18:10]} 25. f3 {[%clk 0:35:14]} Bc5
{[%clk 0:17:58]} 26. b4 {[%clk 0:35:37]} cxb3 {[%clk 0:17:23]} 27. axb3
{[%clk 0:36:01]} Kf8 {[%clk 0:16:24]} 28. Kd2 {[%clk 0:34:54]} Ke7
{[%clk 0:16:19]} 29. b4 {[%clk 0:33:58]} Bg1 {[%clk 0:13:35]} 30. h3
{[%clk 0:34:23]} Kd6 {[%clk 0:11:37]} 31. Kd3 {[%clk 0:34:31]} h5
{[%clk 0:07:13]} 32. g4 {[%clk 0:31:44]} h4 {[%clk 0:05:54]} 33. Na1
{[%clk 0:24:18]} g5 {[%clk 0:05:27]} 34. Nb3 {[%clk 0:23:56]} Bb6
{[%clk 0:03:09]} 35. Nc1 {[%clk 0:22:00]} f6 {[%clk 0:03:18]} 36. Ne2
{[%clk 0:18:24]} Kc6 {[%clk 0:03:14]} 37. c4 {[%clk 0:17:29]} Bd8
{[%clk 0:02:54]} 38. Nc3 {[%clk 0:17:45]} Be7 {[%clk 0:02:30]} 39. Nd5
{[%clk 0:17:54]} Bd8 {[%clk 0:02:55]} 40. Kc3 {[%clk 0:48:07]} Kd6
{[%clk 0:33:06]} 41. Ne3 {[%clk 0:43:06]} Kd7 {[%clk 0:29:43]} 42. Kb3
{[%clk 0:42:25]} Be7 {[%clk 0:29:05]} 43. Nd5 {[%clk 0:42:03]} 1/2-1/2

[Event "Ekstraliga 2019"]
[Site "Katowice"]
[Date "2019.08.28"]
[Round "1.9"]
[White "Kriebel, Tadeas"]
[Black "Socko, Bartosz"]
[Result "1/2-1/2"]
[BlackElo "2625"]
[WhiteElo "2531"]
[WhiteTeam "KSz Miedz Legnica"]
[BlackTeam "Wasko HETMAN GKS Katowice"]
[LiveChessVersion "1.4.8"]

1. e4 {[%clk 1:30:52]} c5 {[%clk 1:30:54]} 2. Nf3 {[%clk 1:31:17]} d6
{[%clk 1:31:18]} 3. d4 {[%clk 1:31:38]} cxd4 {[%clk 1:31:42]} 4. Nxd4
{[%clk 1:32:05]} Nf6 {[%clk 1:32:01]} 5. Nc3 {[%clk 1:32:31]} Nc6
{[%clk 1:32:23]} 6. Bg5 {[%clk 1:32:37]} e6 {[%clk 1:32:42]} 7. Qd2
{[%clk 1:32:56]} Be7 {[%clk 1:33:05]} 8. O-O-O {[%clk 1:33:01]} O-O
{[%clk 1:33:26]} 9. h4 {[%clk 1:28:42]} a6 {[%clk 1:32:27]} 10. f3
{[%clk 1:28:24]} Nxd4 {[%clk 1:32:48]} 11. Qxd4 {[%clk 1:28:48]} b5
{[%clk 1:33:09]} 12. a3 {[%clk 1:28:14]} Bb7 {[%clk 1:32:17]} 13. Kb1
{[%clk 1:25:45]} Rc8 {[%clk 1:29:26]} 14. g4 {[%clk 1:19:44]} d5 {[%clk 1:26:16]}
15. e5 {[%clk 1:17:13]} Nd7 {[%clk 1:26:26]} 16. f4 {[%clk 1:15:09]} f6
{[%clk 1:26:12]} 17. exf6 {[%clk 1:15:16]} Nxf6 {[%clk 1:24:11]} 18. Bh3
{[%clk 1:05:40]} Qa5 {[%clk 1:13:16]} 19. Rhe1 {[%clk 0:55:07]} Bxa3
{[%clk 1:06:57]} 20. Na2 {[%clk 0:37:19]} Bc5 {[%clk 0:46:23]} 21. Qe5
{[%clk 0:37:45]} Rce8 {[%clk 0:46:12]} 22. h5 {[%clk 0:37:44]} Nd7
{[%clk 0:41:57]} 23. Qe2 {[%clk 0:38:06]} h6 {[%clk 0:40:47]} 24. Bxh6
{[%clk 0:38:15]} gxh6 {[%clk 0:37:22]} 25. g5 {[%clk 0:38:10]} Kh8
{[%clk 0:35:00]} 26. Qd3 {[%clk 0:33:14]} Qb6 {[%clk 0:31:49]} 27. Qg6
{[%clk 0:31:27]} e5 {[%clk 0:29:46]} 28. Bxd7 {[%clk 0:25:17]} Re7
{[%clk 0:30:05]} 29. Rxe5 {[%clk 0:14:59]} Rxd7 {[%clk 0:25:36]} 30. Re6
{[%clk 0:15:13]} Qc7 {[%clk 0:25:18]} 31. Rde1 {[%clk 0:10:20]} Qxf4
{[%clk 0:21:23]} 32. Re7 {[%clk 0:10:44]} Rxe7 {[%clk 0:18:43]} 33. Rxe7
{[%clk 0:11:09]} Bxe7 {[%clk 0:18:53]} 34. Qxh6+ {[%clk 0:11:35]} Kg8
{[%clk 0:19:17]} 35. Qg6+ {[%clk 0:12:02]} 1/2-1/2

[Event "Ekstraliga 2019"]
[Site "Katowice"]
[Date "2019.08.28"]
[Round "1.10"]
[White "Gajewski, Grzegorz"]
[Black "Simacek, Pavel"]
[Result "1-0"]
[BlackElo "2479"]
[WhiteElo "2613"]
[WhiteTeam "Wasko HETMAN GKS Katowice"]
[BlackTeam "KSz Miedz Legnica"]
[LiveChessVersion "1.4.8"]

1. d4 {[%clk 1:30:57]} Nf6 {[%clk 1:30:50]} 2. c4 {[%clk 1:31:21]} e6
{[%clk 1:31:04]} 3. Nc3 {[%clk 1:31:44]} d5 {[%clk 1:31:07]} 4. Nf3
{[%clk 1:31:24]} dxc4 {[%clk 1:30:54]} 5. e3 {[%clk 1:30:55]} a6 {[%clk 1:30:53]}
6. Bxc4 {[%clk 1:31:16]} b5 {[%clk 1:31:05]} 7. Be2 {[%clk 1:26:35]} Bb7
{[%clk 1:31:14]} 8. O-O {[%clk 1:26:56]} c5 {[%clk 1:31:02]} 9. dxc5
{[%clk 1:24:03]} Bxc5 {[%clk 1:31:02]} 10. Qxd8+ {[%clk 1:24:21]} Kxd8
{[%clk 1:31:29]} 11. Nd2 {[%clk 1:24:29]} Nbd7 {[%clk 1:26:36]} 12. Nb3
{[%clk 1:24:24]} Ke7 {[%clk 1:03:08]} 13. Na5 {[%clk 1:20:04]} Rab8
{[%clk 1:02:59]} 14. Bd2 {[%clk 1:20:25]} Ne4 {[%clk 0:51:55]} 15. Nxe4
{[%clk 1:19:24]} Bxe4 {[%clk 0:52:21]} 16. Rfc1 {[%clk 1:19:34]} Rhc8
{[%clk 0:47:15]} 17. a4 {[%clk 1:16:43]} bxa4 {[%clk 0:39:42]} 18. Bc3
{[%clk 1:16:48]} a3 {[%clk 0:28:00]} 19. bxa3 {[%clk 1:16:40]} Bd6
{[%clk 0:22:35]} 20. f3 {[%clk 1:08:40]} Bd5 {[%clk 0:14:45]} 21. e4
{[%clk 1:07:21]} Ba8 {[%clk 0:15:12]} 22. Bxa6 {[%clk 0:57:13]} Rc7
{[%clk 0:15:38]} 23. a4 {[%clk 0:49:21]} g5 {[%clk 0:15:53]} 24. Nc4
{[%clk 0:40:43]} Bc5+ {[%clk 0:14:16]} 25. Kf1 {[%clk 0:40:44]} g4
{[%clk 0:12:48]} 26. Be1 {[%clk 0:32:06]} gxf3 {[%clk 0:12:32]} 27. gxf3
{[%clk 0:32:33]} Bd4 {[%clk 0:09:42]} 28. Rab1 {[%clk 0:22:01]} Rxb1
{[%clk 0:08:56]} 29. Rxb1 {[%clk 0:22:28]} Nc5 {[%clk 0:09:13]} 30. Bb5
{[%clk 0:10:05]} Nxa4 {[%clk 0:09:15]} 31. Bb4+ {[%clk 0:06:14]} Nc5
{[%clk 0:09:08]} 32. Nb6 {[%clk 0:03:50]} Bb7 {[%clk 0:04:30]} 33. Rd1
{[%clk 0:02:44]} e5 {[%clk 0:02:56]} 34. Na4 {[%clk 0:01:09]} Kf6
{[%clk 0:02:47]} 35. Rxd4 {[%clk 0:01:21]} exd4 {[%clk 0:02:47]} 36. Nxc5
{[%clk 0:01:39]} Ke5 {[%clk 0:01:54]} 37. Nd3+ {[%clk 0:01:49]} Ke6
{[%clk 0:02:19]} 38. Bc5 {[%clk 0:01:47]} f5 {[%clk 0:02:30]} 39. Bc4+
{[%clk 0:01:51]} Kf6 {[%clk 0:02:04]} 40. e5+ {[%clk 0:31:22]} Kg5
{[%clk 0:32:05]} 41. f4+ {[%clk 0:25:21]} Kg4 {[%clk 0:26:06]} 42. e6
{[%clk 0:25:45]} 1-0